Normal view
MARC view
- Vázquez Alonso, Mariano José
Entry Nombre Personal
001 - NUMERO DE CONTROL
- campo de control: 39239
003 - IDENTIFICADOR DE NUMERO DE CONTROL
- campo de control: UPN
005 - FECHA Y HORA DE LA ÜLTIMA TRANSACCIÓN
- campo de control: 20210219194543.0
008 - DATOS DE LONGITUD FIJA
- campo de control de longitud fija: nabaccnnaabn|||||||||| b |nc|||||d
035 ## - NUMERO DE CONTROL
- Número de control: UPN11000011346
040 ## - FUENTE DE CATALOGACIÓN
- Lenguaje de catalogación: SPA
- Agencia de transcripción: UPN
100 1# - ENCABEZAMIENTO - NOMBRE PERSONAL
- Nombre personal: Vázquez Alonso, Mariano José
670 ## - FUENTE EN LA QUE SE LOCALIZARON DATOS
- Cita de la fuente: T
- Uniform Resource Identifier: http://www.compartelibros.com/autor/mariano-jose-vazquez-alonso/1
680 ## - NOTA PUBLICA DE ACCESO PÚBLICO
- Frase explicativa de la referencia: Escritor y traductor español, conocido por sus libros sobre filosofía oriental, ocultismo y secretos de la historia
902 ## - CATALOGADOR
- Catalogador: BDV/131016
